Poradím si s matematikou 2

Bibliographic Details
Main Author: Gočová, Adriana (Author)
Other Authors: Pospíchal, Josef, 1963- (Illustrator)
Format: Book
Language:Slovak
PhysicalDescription:80 s. fareb. ilustr. 23 cm
Published: Praha Pierot [2014]
ISBN:9788073533588 (brož.)
Series:Poradím si
Subjects:

MARC

LEADER 00000cam a2200000 a 4500
001 vtls010602779
003 SK-MaSNL
005 20260302013314.0
008 160610q2014 xr a b 000 0 slo
015 |a SNBZSA2015 
020 |a 9788073533588 (brož.) 
035 |a 67DC4615-DF68-4208-A61F-70B178A88EB5 
035 |a urn:nbn:sk:snk-aml1j8 
035 |a urn:nbn:sk:snk-am008n4w 
040 |a SNK  |b slo  |c SNK  |e AACR2 
041 0 |a slo 
044 |a xr  |c CZ 
072 7 |a 37.016  |x Učebné osnovy. Vyučovacie predmety. Učebnice  |2 konspekt 
072 7 |a 51  |x Matematika  |2 konspekt 
080 |a 51  |2 2001 
080 |a 373.3.016  |2 2001 
080 |a (0.053.2)  |2 2001 
080 |a (076.1)  |2 2001 
245 0 0 |a Poradím si s matematikou 2  |c [Adriana Gočová ; ilustrácie Josef Pospíchal] 
246 1 |i Názov na rube tit. listu:  |a Poradím si s matematikou 2. ročníka ZŠ 
260 |a Praha  |b Pierot  |c [2014] 
300 |a 80 s.  |b fareb. ilustr.  |c 23 cm 
490 1 |a Poradím si 
650 0 7 |a matematika  |2 SNKPH  |9 70174 
650 0 7 |a učivo základných škôl  |2 SNKPH  |9 63300 
650 0 7 |a Mathematics  |2 SNKPHeng  |9 265620 
650 0 7 |a Elementary school curriculum  |2 SNKPHeng  |9 306214 
655 7 |a pracovné zošity  |2 SNKPH  |9 70188 
655 7 |a publikácie pre deti  |2 SNKPH  |9 70148 
655 7 |a Activity books  |2 SNKPHeng  |9 302885 
655 7 |a Children's literature  |2 SNKPHeng  |9 276039 
700 1 |a Pospíchal, Josef,  |d 1963-  |4 ill  |9 215124 
700 1 |a Gočová, Adriana  |4 aut  |9 483525 
830 0 |a Poradím si  |9 330868 
919 |a 978-80-7353-358-8 
958 |a ZS 
999 |c 1012477  |d 1014407 
952 |a SNK  |b SNK  |y PREZ  |7 0  |p 17A1141840  |o snkSC 163844  |i snk2015/9639  |8 4  |g 2.45  |0 0  |1 0  |4 0  |d 2015-03-06  |f 1  |l 0  |r 2025-08-27 00:00:00  |w 2026-02-24